000 00754nam a2200289Ia 4500
005 20260324114023.0
008 008 260324s9999 xx 000 0 eng d
020 _a9781003427599
037 _aEBOOK
040 _aCRL
040 _beng
040 _cCRL
041 _2eng
041 _aeng
084 _qCRL
100 _aSarah Alix
_91144530
245 4 _aThe Neurodiversity Handbook for Teaching Assistants and Learning Support Assistants
245 2 _bA Guide for Learning Support Staff, SENCOs and Students
260 _bTaylor and Francis
260 _c2023
365 _a
365 _b230
856 _uhttp://www.taylorfrancis.com/books/9781003427599
942 _cEBOOK
999 _c1739064
_d1739064